=LDR 00000nam 2200000 4500 =001 INLIS000000000059118 =005 20211025092248 =035 ##$$a 0010-1021000566 =007 ta =008 211025###########################0###### =082 ##$$a 324.598 65 =084 ##$$a 324.598 65 Kep k =245 1#$$a Keputusan Komisi Pemilihan Umum Provinsi Nusa Tenggara Barat Nomor 29 Tahun 2007, Nomor 36 Tahun 2008, Nomor 37 Tahun 2008, Nomor 47 Tahun 2008, Nomor 42 Tahun 2008 =300 ##$$a 86 Halaman ; $c 23 cm =600 #4$$a Pemilu NTB - Keputusan =710 #$$a Nusa Tenggara Barat. Komisi Pemilihan Umum =264 ##$$a Mataram :$b Komisi Pemilihan Umum,$c 2008 =336 ##$$a Buku$2 rdacontent =337 ##$$a Teks$2 rdamedia =338 ##$$a Lain-lain$2 rdacarrier =990 ##$$a 23642364 =990 ##$$a 23652365 =990 ##$$a 23662366 =990 ##$$a 213/50/2021 =990 ##$$a 3202102365 =990 ##$$a 3202102366 =990 ##$$a 213/50/2021 =990 ##$$a 213/50/2021 =990 ##$$a 3202102366 =990 ##$$a 213/50/2021 =990 ##$$a 213/50/2021 =990 ##$$a 213/50/2021